<?xml version="1.0" encoding="UTF-8"?>
<collection xmlns="http://www.loc.gov/MARC21/slim">
    <record>
        <controlfield tag="001">77036</controlfield>
        <controlfield tag="005">20190314120415.0</controlfield>
        <datafield tag="024" ind1="8" ind2=" ">
            <subfield code="2">sideral</subfield>
            <subfield code="a">109421</subfield>
        </datafield>
        <datafield tag="037" ind1=" " ind2=" ">
            <subfield code="a">ART-2018-109421</subfield>
        </datafield>
        <datafield tag="041" ind1=" " ind2=" ">
            <subfield code="a">spa</subfield>
        </datafield>
        <datafield tag="100" ind1=" " ind2=" ">
            <subfield code="a">Lamora Aranda, L.</subfield>
        </datafield>
        <datafield tag="245" ind1=" " ind2=" ">
            <subfield code="a">De tertulia con Machado: una propuesta didáctica para actualizar a los autores clásicos</subfield>
        </datafield>
        <datafield tag="260" ind1=" " ind2=" ">
            <subfield code="c">2018</subfield>
        </datafield>
        <datafield tag="506" ind1="0" ind2=" ">
            <subfield code="a">Access copy available to the general public</subfield>
            <subfield code="f">Unrestricted</subfield>
        </datafield>
        <datafield tag="520" ind1="3" ind2=" ">
            <subfield code="a">En las últimas décadas, numerosos teóricos han señalado la importancia de renovar la concepción de la educación literaria en el sistema educativo. A pesar de que los modelos tradicionales de enseñanza no hayan resultado totalmente satisfactorios, la literatura puede influir positivamente en la formación personal del alumnado. En el presente artículo se ofrece una propuesta de intervención educativa que persigue dos objetivos: atender a las posibilidades formativas de la literatura mediante la realización de una tertulia literaria y actualizar la vigencia de un clásico de la literatura española, Antonio Machado. Desde esta perspectiva se pretende fomentar una actitud de aprecio y disfrute de la experiencia poética en los alumnos de 2.º de bachillerato a los que se dirige.

In recent decades, several theories have highlighted the importance of updating the concept of literary education in the education system. Although traditional models of teaching haven't proven entirely satisfactory, literature can positively influence the personal formation of the student body. Two main objectives are proposed within the current study: first, to address the educational possibilities of literature through literary gathering discussing the poetry of Antonio Machado; second, to approach through modernized means a classic of Spanish literature as relevant as Antonio Machado. In this context the objective of this study is the promotion of attitudes of appreciation for and enjoyment of the poetic experience among second-year baccalaureate students.</subfield>
        </datafield>
        <datafield tag="540" ind1=" " ind2=" ">
            <subfield code="9">info:eu-repo/semantics/openAccess</subfield>
            <subfield code="a">by-nc-nd</subfield>
            <subfield code="u">http://creativecommons.org/licenses/by-nc-nd/3.0/es/</subfield>
        </datafield>
        <datafield tag="655" ind1=" " ind2="4">
            <subfield code="a">info:eu-repo/semantics/article</subfield>
            <subfield code="v">info:eu-repo/semantics/publishedVersion</subfield>
        </datafield>
        <datafield tag="700" ind1=" " ind2=" ">
            <subfield code="0">(orcid)0000-0001-9062-2935</subfield>
            <subfield code="a">Ara Torralba, J.C.</subfield>
            <subfield code="u">Universidad de Zaragoza</subfield>
        </datafield>
        <datafield tag="710" ind1="2" ind2=" ">
            <subfield code="1">3002</subfield>
            <subfield code="2">583</subfield>
            <subfield code="a">Universidad de Zaragoza</subfield>
            <subfield code="b">Dpto. Filología Española</subfield>
            <subfield code="c">Área Literatura Española</subfield>
        </datafield>
        <datafield tag="773" ind1=" " ind2=" ">
            <subfield code="g">5 (2018), 73-92</subfield>
            <subfield code="p">Dirasat Hisp. rev tunec. estud. hisp.</subfield>
            <subfield code="t">DIRASAT HISPANICAS-REVISTA TUNECINA DE ESTUDIOS HISPANICOS</subfield>
            <subfield code="x">2286-5977</subfield>
        </datafield>
        <datafield tag="856" ind1="4" ind2="1">
            <subfield code="u">http://dirasathispanicas.org/index.php/dirasathispanicas/article/download/118/pdf</subfield>
            <subfield code="z">Texto completo de la revista</subfield>
        </datafield>
        <datafield tag="856" ind1="4" ind2=" ">
            <subfield code="s">716353</subfield>
            <subfield code="u">http://zaguan.unizar.es/record/77036/files/texto_completo.pdf</subfield>
            <subfield code="y">Versión publicada</subfield>
        </datafield>
        <datafield tag="856" ind1="4" ind2=" ">
            <subfield code="s">64482</subfield>
            <subfield code="u">http://zaguan.unizar.es/record/77036/files/texto_completo.jpg?subformat=icon</subfield>
            <subfield code="x">icon</subfield>
            <subfield code="y">Versión publicada</subfield>
        </datafield>
        <datafield tag="909" ind1="C" ind2="O">
            <subfield code="o">oai:zaguan.unizar.es:77036</subfield>
            <subfield code="p">articulos</subfield>
            <subfield code="p">driver</subfield>
        </datafield>
        <datafield tag="951" ind1=" " ind2=" ">
            <subfield code="a">2019-03-14-12:01:40</subfield>
        </datafield>
        <datafield tag="980" ind1=" " ind2=" ">
            <subfield code="a">ARTICLE</subfield>
        </datafield>
    </record>

    
</collection>